000 00365nam a2200109Ia 4500
008 220216s9999 xx 000 0 und d
100 _aBelt M J W
245 0 _aLondon trade role in international marketing
260 _bProceedings of the International Rubber Marketing Conference, 1983, Kuala Lumpur, Malaysia, p246-251
650 _aRubber marketing
942 _cJS
999 _c62248
_d62248